| 000 | 00354 a2200145 4500 | ||
|---|---|---|---|
| 003 | OSt | ||
| 005 | 20180116182932.0 | ||
| 008 | 160816b xxu||||| |||| 00| 0 eng d | ||
| 022 | _a8170230306 | ||
| 040 | _c0 | ||
| 100 | _aDrucker, Peter F. | ||
| 245 |
_aThe Practice of Management _cPeter F. Drucker |
||
| 260 | _c1996 | ||
| 942 |
_aNBS _cBK _k658 DRU _2ddc |
||
| 999 |
_c348878 _d348878 |
||